00626nam a2200205 i 450000100060000000300090000600500170001500700030003200800410003510000320007624500670010825000200017526000410019530000220023649000340025865000440029265100290033683000340036585200210039970527ES-MaACL20230906170837.0t|040727s1968 sp ||||1| spa d1 aGarcía Venero, Maximiano.10aHistoria del nacionalismo vasco / cMaximiano García Venero. aEd. definitiva. aMadrid : bEditora Nacional, c1968. a664 p. ; c25 cm.1 aTierra, historia y política 4aNacionalismo-zPaís Vasco-vHistoria. 4aPaís Vasco-xHistoria.1 aTierra, historia y política aES-MaACLjG-5499